00253nam a2200097Ia 4500008004100000100001600041245002900057260003800086300000900124650002200133190216s9999||||xx |||||||||||||| ||und|| aSubburaj Vk 0aClerks Grade Examination bSura College Of Competitionc1985 a297p aClerks Grade Exam